LEADER 02148nam a2200277 i 4500 001 000000244812 003 CaOOAMICUS 005 20200721145629.0 008 150819s1617 gw u000 u lat u 013 $a223717 026 $at.t, 65i- a-e- peMi (3) 1617 (R) 040 $aSeMil$bita 100 1 $aPuente, Luis : de la,$c.$0(OLS)http://semarc/name/5989 240 10$aGuia espiritual en que se trata de la oración, meditación y contemplación.$0(OLS)http://semarc/title/346632 245 10$aDux spiritualis, in quo agitur De oratione, meditatione, & contemplatione: de visitationibus diuinis, gratijsque extraordinarijs: de mortificatione, heroicisque actionibus, siue operibus, quae illas omnes comitantur. Auctore R.P. Ludouico de Ponte Vallis-Oleletano, è Societate Iesu. Interprete R.P. Melchiore Treuinnio eiusdem Societatis Iesu presbytero. . 250 $aEditio secunda cum indice copiosissimo rerum, locorum S. Scripturae, & capitum. 260 $aColoniae Agrippinae :$bSumptibus Ioannis Kinchii sub Monocerote,$c1617. 300 $a[20], 720 [i.e. 710], [10] p. ;$c4°. 500 $aEmblema dei Gesuiti sul front. - Omesse nella num. le p. 525-534 e nella segn. il fasc. 4T. - Segn. : 2*-3*4 4*² A-4S4 4V-4Y4. - Front. e testo in cornice a doppio filetto. - Iniz. xilogr. 700 1 $aTreviño, Melchor,$c.$0(OLS)http://semarc/name/5171 700 1 $aKinckius, Johann,$c.$0(OLS)http://semarc/name/13927 850 $aSeMil 852 $aSeMil$W1$xVenegono$y1$m3F III 388 FA$j195158$B195158$CSeMilBibl$Z2$F205821 $8I 996 $6245$aDux spiritualis, in quo agitur De oratione, meditatione, & contemplatione: de visitationibus diuinis, gratijsque extraordinarijs: de mortificatione, heroicisque actionibus, siue operibus, quae illas omnes comitantur. Auctore R.P. Ludouico de Ponte Vallis-Oleletano, è Societate Iesu. Interprete R.P. Melchiore Treuinnio eiusdem Societatis Iesu presbytero. .$9(OLS)http://semarc/title/346631 996 $6260$aColoniae Agrippinae :$bSumptibus Ioannis Kinchii sub Monocerote$9(OLS)http://semarc/publisher/54905 LEADER 01674nam a2200325 4500 001 000000345103 003 CaOOAMICUS 005 20210421103015.0 008 210329s2021 it a 000 u ita r 020 $a978-88-922238-4-4 040 $aSeMil$bita 100 1 $aMelillo, Enzo.$0(OLS)http://semarc/name/113366 245 10$aQuel prete che viene in azienda :$bi cappellani del lavoro genovesi, un'esperienza unica in Italia /$cEnzo Melillo ; prefazione del cardinale Angelo Bagnasco ; postfazione dell'arcivescovo Marco Tasca. 264 1$aCinisello Balsamo :$bSan Paolo,$c2021. 300 $a158 p., [7] carte di tav. :$bill. ;$c21 cm 490 1 $aAttualità e storia ;$v211 541 0 $aOmaggio mons. Mario Delpini (3G II 523) 650 4$aCappellani del lavoro - Testimonianze - Genova.$0(OLS)http://semarc/subject/50173 650 4$aChiesa e aziende industriali.$0(OLS)http://semarc/subject/42096 700 1 $aBagnasco, Angelo,$c.$0(OLS)http://semarc/name/43104 700 1 $aTasca, Marco,$c.$0(OLS)http://semarc/name/113367 830 0$aAttualità e storia ;$v211.$0(OLS)http://semarc/title/5888 850 $aSeMil 852 $aSeMil$W1$xVenegono$y1$m3G II 523$j225497$B236174$CSeMilBibl$Z2$F236174 $81 941 1 $a7 961 $aOmaggio mons. Mario Delpini 996 $6020$a978-88-922238-4-4$9(OLS)http://semarc/number/292750 996 $6245$aQuel prete che viene in azienda :$bi cappellani del lavoro genovesi, un'esperienza unica in Italia$9(OLS)http://semarc/title/434216 996 $6264$aCinisello Balsamo :$bSan Paolo$9(OLS)http://semarc/publisher/30129